00538nam a2200205 u 45000010006000000050017000060080041000230350010000640350021000740400013000950410008001080820008001161000036001242450067001602500023002272600042002503000016002926500012003086500012003208069520260504072229.0960313s1900 eng  a80695 a(OCoLC)778216886 ccomduadb aeng 4a62110aPaterson, G.W. Lummis4auteaut10aThe management of : dynamos : a hanbook of theory and practice a2. ED. REV. Y AUM. aInglaterra :bCrosby Lockwood,c1900. a262P. : IL. aDinamos aMotores